000
00209nam a22000857a 4500
008
170130b xxu||||| |||| 00| 0 eng d
100
_9
2662
_a
NCERT
245
_a
Micro Economics-XII
260
_a
New delhi
_b
NCERT
_c
2007
999
_c
5818
_d
5818